Loading...
| Fine Arts - Auditory Fine Arts | 4 | 12.50 | 100% | 25% | 0% |
| Fine Arts - Other Fine Arts | 6 | 15.00 | 100% | 33% | 17% |
| Fine Arts - Visual Fine Arts | 5 | 18.00 | 100% | 80% | 0% |
| Geography | 1 | 20.00 | 100% | 100% | 0% |
| History - American History | 5 | 8.00 | 40% | 40% | 0% |
| History - European History | 5 | 12.00 | 100% | 20% | 0% |
| History - Other History | 4 | 12.50 | 100% | 25% | 0% |
| History - World History | 4 | 15.00 | 100% | 25% | 25% |
| Literature - American Literature | 6 | 16.67 | 100% | 50% | 17% |
| Literature - British Literature | 7 | 15.71 | 86% | 71% | 0% |
| Literature - European Literature | 5 | 16.00 | 100% | 60% | 0% |
| Literature - World Literature | 6 | 16.67 | 100% | 33% | 33% |
| Mythology | 5 | 20.00 | 100% | 60% | 40% |
| Other Academic | 1 | 20.00 | 100% | 100% | 0% |
| Philosophy | 4 | 17.50 | 100% | 50% | 25% |
| Pop Culture | 2 | 10.00 | 100% | 0% | 0% |
| Religion | 5 | 16.00 | 100% | 40% | 20% |
| Science - Biology | 6 | 15.00 | 83% | 67% | 0% |
| Science - Chemistry | 6 | 13.33 | 83% | 33% | 17% |
| Science - Other Science | 5 | 12.00 | 100% | 20% | 0% |
| Science - Physics | 5 | 16.00 | 80% | 80% | 0% |
| Social Science | 5 | 14.00 | 100% | 40% | 0% |